00534nam a22002057a 450000500170000001000110001702000100002803500110003803700160004904000120006508200160007710000200009324500800011324600060019326000270019927000110022630000340023765000250027165000320029620170124110241.0 a346849 c00.00 a346849 bCen Lib/Ret aDPLbEN a635.96bJUL aJulia Clements  aThe Julia Clements colour book of flower arrangements /cby Julia Clements  b  aLondon bPearsonc1964 bLondon av, 15p. :c24cm(Hb)bill. e  aFlower arrangements  aVarious shapes -- Flowering